000 00618nam a2200277Ia 4500
005 20260324133350.0
008 008 260324s9999 xx 000 0 eng d
020 _a9780203708736
037 _aEBOOK
040 _aCRL
040 _beng
040 _cCRL
041 _2eng
041 _aeng
084 _qCRL
100 _aW. Arthur Lewis
_91192757
245 0 _aOverhead Costs
260 _bTaylor and Francis
260 _c2003
365 _a
365 _b510
856 _uhttp://www.taylorfrancis.com/books/9780203708736
942 _cEBOOK
999 _c1791780
_d1791780